Pharmaceutics 1 (Record no. 15772)
[ view plain ]
| 000 -LEADER | |
|---|---|
| fixed length control field | 00183nam a2200085Ia 4500 |
| 008 - FIXED-LENGTH DATA ELEMENTS--GENERAL INFORMATION | |
| fixed length control field | 170617s9999 xx 000 0 und d |
| 100 ## - MAIN ENTRY--PERSONAL NAME | |
| Personal name | Agarwal -S.p |
| 245 #0 - TITLE STATEMENT | |
| Title | Pharmaceutics 1 |
| 260 ## - PUBLICATION, DISTRIBUTION, ETC. | |
| Name of publisher, distributor, etc. | Birla |
| 260 ## - PUBLICATION, DISTRIBUTION, ETC. | |
| Date of publication, distribution, etc. | 2009 |
| Withdrawn status | Lost status | Source of classification or shelving scheme | Damaged status | Not for loan | Home library | Current library | Date acquired | Source of acquisition | Cost, normal purchase price | Total Checkouts | Barcode | Date last seen | Price effective from | Koha item type | Date last checked out |
|---|---|---|---|---|---|---|---|---|---|---|---|---|---|---|---|
| IIMT University College of Medical Sciences | IIMT University College of Medical Sciences | 06/23/2017 | 2 | 110.00 | 02-B-9777 | 06/23/2017 | 06/23/2017 | Text-Book- for 7 days | |||||||
| IIMT University College of Medical Sciences | IIMT University College of Medical Sciences | 06/23/2017 | 2 | 110.00 | 1 | 02-B-9778 | 02/20/2020 | 06/23/2017 | Text-Book- for 7 days | 11/29/2018 |

